000 00603nam a22001697a 4500
003 JO-AjAnu
005 20250309102158.0
008 250305b jo ||||| |||| 00| 0 ara d
040 _cJO-AjAnu
041 _hara
100 _aعليان، حسن
_948654
245 _aالمرأة : الواقع واستشراف المستقبل في الرواية العربية
_c/ حسن عليان
260 _aعمان :
_bدار مجدلاوي للنشر والتوزيع،
_c2016
300 _a269 صفحه
650 _vالقصص العربية-النقد الأدبي-المرأة
942 _2lcc
_cBK
_n0
999 _c33871
_d33871